000 00698nam a22002297a 4500
005 20250123153528.0
008 250123b |||||||| |||| 00| 0 eng d
020 _a978-1-032-50861-0 (pbk)
037 _cTB
040 _aCRL
_cCRL
084 _aR3xN08:g R5
_qCRL
100 _aBurke, Megan
_9734798
245 _aSimone de beauvoir:
_bThe basics
260 _aLondon, UK:
_bRoutledge,
_c2025
300 _axi,184p.
365 _b18.99
_cUKP
490 _aThe basics series
650 _2Phiolsophy
653 _aPhilosophy
942 _2CC
_cTB
_hR3xN08:g R5
_n0
999 _c1238243
_d1238243